| 000 | 00369nam a2200157Ia 4500 | ||
|---|---|---|---|
| 008 | 230917s9999||||xx |||||||||||||| ||und|| | ||
| 040 |
_e24483 _aMAIN |
||
| 041 | _aEnglish | ||
| 082 | _a294.12 S23R | ||
| 100 | _aSharma, Shriram, ed. | ||
| 245 | 0 | _aRigveda, V2 | |
| 250 | _a3rd ed. | ||
| 260 |
_aBareli _bSanskrit Sansthan _c1965 |
||
| 300 | _a960 p. | ||
| 942 | _cBK | ||
| 999 |
_c224134 _d224134 |
||